A colazione con Tennessee Williams /

Guardat en:
Dades bibliogràfiques
Autor principal: Longo, Freddy (Autor)
Format: Llibre
Idioma:italià
Publicat: Milano : Baldini Castoldi Dalai, [2006!
Col·lecció:Romanzi e racconti ; 369
Etiquetes: Afegir etiqueta
Sense etiquetes, Sigues el primer a etiquetar aquest registre!

MARC

LEADER 00000nam a22000007i 4500
001 IT\ICCU\LO1\1052616
003 ItRI
005 20250722163600.0
008 060505s2006 it |||||| ||||| |||||c
020 |a 8884909112 
040 |b ita  |c ct 
041 7 |a ita  |2 ISO-639-2 
082 |a 853.914  |2 19 
100 1 |a Longo, Freddy  |0 IT\ICCU\BVEV\053779  |4 aut 
245 1 0 |a A colazione con Tennessee Williams /  |c Freddy Longo. 
260 |a Milano :  |b Baldini Castoldi Dalai,  |c [2006! 
300 |a 118 p. ;  |c 21 cm. 
830 0 |a Romanzi e racconti ;  |v 369  |0 IT\ICCU\RAV\0187056 
942 |2 ddc  |c BK 
952 |0 0  |1 0  |2 ddc  |4 0  |6 B_LNR01LONFRACO11  |7 0  |9 7279  |a MI  |b MI  |d 2010-01-29  |i 5842  |l 0  |o B-LNR01-LONFR-ACO11  |p CDOM5842  |r 2025-07-13 16:28:35  |w 2025-07-13  |x ACQUISTO  |y BK 
981 1 |6 z01  |a i   |b xxxe  
982 1 |6 z01  |a n 
999 |c 5986  |d 5986